Statistiques concernant Pays des Amériques avec la plus âgée population

Cliquez ici pour prendre le quiz!

Statistiques générales

  • Ce quiz a été pris 31 fois
  • Le résultat moyen est 8 sur 10

Statistiques - réponses

Âge moyen Pays % Correct
42.2Canada
97%
41.5Cuba
97%
38.1États Unis
97%
35.0Saint-Christophe-et-Niévès
83%
34.8Sainte-Lucie
83%
33.6Saint-Vincent-et-les-Grenadines
80%
38.6Barbade
77%
36.0Trinité-et-Tobago
77%
33.5Dominique
70%
35.0Uruguay
57%

Distribution des résultats

Percentile par nombre de réponses

% des personnes avec chaque résultat

Votre développement - résultats

Vous n’avez pas pris ce quiz